[Event "Kiev Spring op"]
[Site "Kiev"]
[Date "2023.03.31"]
[Round "9"]
[White "Petrynskyi, Yaroslav"]
[Black "Chobitok, Yakov"]
[Result "1-0"]
[WhiteElo "1609"]
[BlackElo "1932"]
[PlyCount "109"]
[EventDate "2023.03.25"]
[EventType "swiss"]
[EventRounds "9"]
[EventCountry "UKR"]
[SourceTitle "EXT 2024"]
[Source "ChessBase"]
[SourceDate "2023.10.10"]
[SourceVersion "1"]
[SourceVersionDate "2023.10.10"]
[SourceQuality "1"]

1. d4 Nf6 2. c4 g6 3. Nc3 Bg7 4. e4 d6 5. h3 0-0 6. Be3 c5 7. Nf3 cxd4 8. Nxd4 b6 9. Be2 Nbd7 10. 0-0 Bb7 11. Qc2 Rc8 12. f4 e5 13. Ndb5 Nc5 14. fxe5 Nfxe4 15. exd6 Nxc3 16. Nxc3 Qxd6 17. Bf3 Bxf3 18. Rxf3 Qe6 19. Nd5 b5 20. Bg5 f6 21. Re3 Qa6 22. Bf4 Kh8 23. Nc7 Qb6 24. b4 Nd7 25. c5 Rxc7 26. cxb6 Rxc2 27. bxa7 f5 28. Rd1 Nb6 29. Re6 Na8 30. Rd7 Kg8 31. Ree7 Bf6 32. Re6 Rxa2 33. Bh6 Rxa7 34. Rxa7 Bd4+ 35. Kf1 Bxa7 36. Bxf8 Kxf8 37. Ra6 Nb6 38. Rxa7 Nd5 39. Rxh7 Nxb4 40. Rb7 Nc6 41. Rb6 Ne7 42. Rxb5 Kf7 43. Kf2 Kf6 44. Kg3 g5 45. Kf3 Ng6 46. g3 Ke6 47. Ke3 Kf6 48. Kd4 f4 49. g4 Ne7 50. Rb6+ Kf7 51. Ke5 Kg7 52. Rb7 Kf8 53. Kf6 Nd5+ 54. Kxg5 f3 55. Rb3 1-0

[Event "Kiev Spring op"]
[Site "Kiev"]
[Date "2023.03.29"]
[Round "7"]
[White "Maksymchuk, Anton"]
[Black "Chobitok, Yakov"]
[Result "0-1"]
[WhiteElo "1509"]
[BlackElo "1932"]
[PlyCount "94"]
[EventDate "2023.03.25"]
[EventType "swiss"]
[EventRounds "9"]
[EventCountry "UKR"]
[SourceTitle "EXT 2024"]
[Source "ChessBase"]
[SourceDate "2023.10.10"]
[SourceVersion "1"]
[SourceVersionDate "2023.10.10"]
[SourceQuality "1"]

1. d4 Nf6 2. c4 g6 3. Nc3 Bg7 4. e4 d6 5. h3 0-0 6. Be3 e5 7. d5 a5 8. g4 Nfd7 9. h4 h6 10. g5 h5 11. f3 Nc5 12. Nh3 Nba6 13. Nf2 c6 14. a3 Nc7 15. Bg2 cxd5 16. cxd5 b5 17. 0-0 Bd7 18. Nd3 Nxd3 19. Qxd3 b4 20. Ne2 Bb5 21. Qd2 Qd7 22. Rfc1 Rfc8 23. Kf2 Na6 24. Kg3 Bf8 25. Bh3 Qb7 26. Bxc8 Rxc8 27. Rxc8 Qxc8 28. Rc1 Qb7 29. Qc2 Nc5 30. Bxc5 dxc5 31. axb4 axb4 32. b3 Qa6 33. Kf2 Kg7 34. Qb2 Bd6 35. Ra1 Qc8 36. Kg2 c4 37. bxc4 Qxc4 38. Ng3 b3 39. Nf1 Bc5 40. Rc1 Qd3 41. Ng3 Bd4 42. Qb1 Qd2+ 43. Kh1 Bd3 44. Nf1 Qe2 45. Qxb3 Qxf3+ 46. Kh2 Qf2+ 47. Kh1 Qg1# 0-1

[Event "Kiev Spring op"]
[Site "Kiev"]
[Date "2023.03.28"]
[Round "5"]
[White "Mikhalsky, Vladimir"]
[Black "Chobitok, Yakov"]
[Result "1-0"]
[WhiteElo "2269"]
[BlackElo "1932"]
[PlyCount "65"]
[EventDate "2023.03.25"]
[EventType "swiss"]
[EventRounds "9"]
[EventCountry "UKR"]
[SourceTitle "EXT 2024"]
[Source "ChessBase"]
[SourceDate "2023.10.10"]
[SourceVersion "1"]
[SourceVersionDate "2023.10.10"]
[SourceQuality "1"]

1. d4 Nf6 2. c4 g6 3. f3 Bg7 4. e4 d6 5. Nc3 0-0 6. Be3 Nc6 7. Nge2 a6 8. Rb1 Re8 9. Qd2 Nd7 10. Nc1 e5 11. d5 Nd4 12. N1e2 c5 13. dxc6 bxc6 14. Nxd4 exd4 15. Bxd4 Ne5 16. Be2 Be6 17. b3 d5 18. cxd5 cxd5 19. f4 Ng4 20. Bxg7 Kxg7 21. Bxg4 Bxg4 22. Qd4+ Kh6 23. e5 Qh4+ 24. Qf2 Qxf2+ 25. Kxf2 Bf5 26. Rbc1 Rad8 27. Rhd1 d4 28. Ne2 d3 29. Ng3 Bg4 30. Rd2 g5 31. fxg5+ Kxg5 32. Ne4+ Kf4 33. Nf6 1-0

[Event "Kiev Spring op"]
[Site "Kiev"]
[Date "2023.03.27"]
[Round "3"]
[White "Chobitok, Yakov"]
[Black "Sidorika, Vladislav"]
[Result "0-1"]
[WhiteElo "1932"]
[BlackElo "2278"]
[PlyCount "60"]
[EventDate "2023.03.25"]
[EventType "swiss"]
[EventRounds "9"]
[EventCountry "UKR"]
[SourceTitle "EXT 2024"]
[Source "ChessBase"]
[SourceDate "2023.10.10"]
[SourceVersion "1"]
[SourceVersionDate "2023.10.10"]
[SourceQuality "1"]

1. d4 Nf6 2. c4 e6 3. Nf3 d5 4. Nc3 Bb4 5. Qb3 c5 6. dxc5 Nc6 7. Bg5 Qa5 8. Bxf6 dxc4 9. Qxc4 gxf6 10. Rc1 Bxc5 11. Nd2 Be7 12. Qh4 Bd7 13. e3 f5 14. Qg3 Kf8 15. e4 Rg8 16. Qe3 fxe4 17. Qxe4 f5 18. Qe3 Rd8 19. Qh6+ Rg7 20. Nc4 Qc7 21. h4 Ne5 22. Rh3 Ng4 23. Qd2 Bc6 24. Qc2 Bc5 25. Ne3 Qf4 26. Ncd5 Rxd5 27. Nxd5 Bxf2+ 28. Kd1 Rd7 29. Bd3 Rxd5 30. Ke2 Re5+ 0-1

[Event "Kiev Spring op"]
[Site "Kiev"]
[Date "2021.07.17"]
[Round "9"]
[White "Terletsky, Oleg"]
[Black "Chobitok, Yakov"]
[Result "1-0"]
[WhiteElo "2195"]
[BlackElo "1929"]
[PlyCount "61"]
[EventDate "2021.07.10"]
[EventType "swiss"]
[EventRounds "9"]
[EventCountry "UKR"]
[SourceTitle "EXT 2024"]
[Source "ChessBase"]
[SourceDate "2023.10.10"]
[SourceVersion "1"]
[SourceVersionDate "2023.10.10"]
[SourceQuality "1"]

1. e4 g6 2. d4 Bg7 3. Nc3 a6 4. Be3 b5 5. Qd2 Bb7 6. f3 d6 7. h4 h6 8. Nge2 Nd7 9. h5 g5 10. d5 e6 11. Nd4 Qe7 12. a3 Ngf6 13. 0-0-0 Rc8 14. g3 Nb8 15. dxe6 fxe6 16. Bh3 g4 17. fxg4 Nxe4 18. Nxe4 Bxe4 19. g5 Bxh1 20. Nxe6 Be5 21. Rxh1 hxg5 22. Bxg5 Qf7 23. h6 Nd7 24. Rf1 Nf6 25. Qe3 c5 26. Qf3 Rg8 27. Ng7+ Kf8 28. Bxc8 Qa2 29. Bxf6 Qxb2+ 30. Kd2 Qd4+ 31. Qd3 1-0

[Event "Kiev Spring op"]
[Site "Kiev"]
[Date "2021.07.13"]
[Round "5"]
[White "Chobitok, Yakov"]
[Black "Sidletskyi, Ivan"]
[Result "1-0"]
[WhiteElo "1929"]
[BlackElo "2170"]
[PlyCount "173"]
[EventDate "2021.07.10"]
[EventType "swiss"]
[EventRounds "9"]
[EventCountry "UKR"]
[SourceTitle "EXT 2024"]
[Source "ChessBase"]
[SourceDate "2023.10.10"]
[SourceVersion "1"]
[SourceVersionDate "2023.10.10"]
[SourceQuality "1"]

1. d4 Nf6 2. c4 e6 3. Nf3 d5 4. Nc3 Bb4 5. Qb3 c5 6. dxc5 Na6 7. a3 Bxc3+ 8. Qxc3 Nxc5 9. cxd5 Qxd5 10. Be3 Nce4 11. Qe5 0-0 12. Rd1 Qxe5 13. Nxe5 Nd5 14. Bc1 f6 15. Nd3 f5 16. f3 Nef6 17. g3 b6 18. Ne5 Bb7 19. e3 Rac8 20. Bc4 g5 21. 0-0 g4 22. e4 fxe4 23. fxe4 Nxe4 24. Bh6 Rxf1+ 25. Rxf1 Nd6 26. Bd3 Ne7 27. Rf4 Ndf5 28. Rxg4+ Ng6 29. Bd2 Rd8 30. Bc3 Kf8 31. Bxf5 exf5 32. Nxg6+ hxg6 33. Rxg6 Be4 34. Rg7 a5 35. Ra7 Ra8 36. Rh7 a4 37. Kf2 f4 38. Rh8+ Kf7 39. gxf4 Rxh8 40. Bxh8 Kg6 41. Ke3 Kf5 42. h4 Bc2 43. h5 Kg4 44. h6 b5 45. Bf6 Kh5 46. Bg5 Kg6 47. Kd4 Kf7 48. Ke5 Bg6 49. Kd5 Bf5 50. Ke5 Bg6 51. f5 Bh7 52. Bh4 Bg8 53. Be1 Bh7 54. Bc3 Ke7 55. Bb4+ Kf7 56. Bd2 Ke7 57. Be3 Kf7 58. Bg5 Bg8 59. Kd4 Bh7 60. Ke5 Bg8 61. Bh4 Bh7 62. Bd8 Bg8 63. Kd4 Bh7 64. Ke5 Bg8 65. Bb6 Bh7 66. Bd4 Ke7 67. Bc3 Kf7 68. Bb4 Bg8 69. Ke4 Bh7 70. Kf4 Bg8 71. Ke4 Bh7 72. Ke5 Bg8 73. Kd5 Bh7 74. Kc5 Bxf5 75. Kxb5 Bd7+ 76. Ka5 Kg6 77. Bd2 Bc6 78. Kb4 Kf7 79. Bc3 Kg6 80. Bd2 Kf7 81. b3 axb3 82. Kxb3 Be4 83. Kb4 Ke8 84. Kc5 Kd7 85. Kb6 Kc8 86. Bf4 Bc2 87. a4 1-0